Faculty of Law Library — Cairo University

Official Online Catalog

الموسوعة الشاملة في الدفوع الجنائية في ضوء أراء الفقه والقضاء وتعليمات النيابات شرح عملي لكافة الدفوع الجنائية المهمة والعلمية في نطاق قانون الإجراءات الجنائية وقانون العقوبات والتشريعات الجنائية : (Record no. 76361)

MARC details
000 -LEADER
fixed length control field 02120nam a2200325 i 4500
003 - CONTROL NUMBER IDENTIFIER
control field EG-GICUC
005 - DATE AND TIME OF LATEST TRANSACTION
control field 20260509124239.0
008 - FIXED-LENGTH DATA ELEMENTS--GENERAL INFORMATION
fixed length control field 260509s2014 ||| |||fr|||| 00| 0 Ara d
040 ## - CATALOGING SOURCE
Original cataloging agency EG-GICUC
Language of cataloging ara
Transcribing agency EG-GICUC
Modifying agency EG-GICUC
Description conventions rda
041 0# - LANGUAGE CODE
Language code of text/sound track or separate title Ara
082 04 - DEWEY DECIMAL CLASSIFICATION NUMBER
Edition number 21
Classification number 343.124
Item number إ ب . م
092 04 - LOCALLY ASSIGNED DEWEY CALL NUMBER (OCLC)
Edition number 21
099 ## - LOCAL FREE-TEXT CALL NUMBER (OCLC)
Classification number Law1 10 343.124 إ ب . م 2014
100 0# - MAIN ENTRY--PERSONAL NAME
Personal name إبراهيم عبدالخالق
Relator term مؤلف.
245 12 - TITLE STATEMENT
Title الموسوعة الشاملة في الدفوع الجنائية في ضوء أراء الفقه والقضاء وتعليمات النيابات شرح عملي لكافة الدفوع الجنائية المهمة والعلمية في نطاق قانون الإجراءات الجنائية وقانون العقوبات والتشريعات الجنائية :
Remainder of title الدفوع القانونية في جرائم الآثار - الدفوع في جرائم الأسلحة والذخائر الدفوع فى جرائم الغش والتدليس ) غش الأغذية والألبان والشاى والبن ) الدفوع جرائم التموين والتسعير الجبرى - الدفوع في جرائم التسول والإشتباه والتشرد وجرائم الطفل - الدفوع في جرائم الدعارة - الدفوع في جرائم شرب الخمر طبعة.
Number of part/section of a work الجزء الرابع،
Name of part/section of a work الدفوع القانونية فى التشريعات الجنائية الخاصة /
Statement of responsibility, etc. تأليف المستشار إبراهيم عبدالخالق.
250 ## - EDITION STATEMENT
Edition statement الطبعة الثالثة
264 #1 - PRODUCTION, PUBLICATION, DISTRIBUTION, MANUFACTURE, AND COPYRIGHT NOTICE
Place of production, publication, distribution, manufacture [مكان النشر غير محدد] :
Name of producer, publisher, distributor, manufacturer دار علام،
Date of production, publication, distribution, manufacture, or copyright notice 2014.
300 ## - PHYSICAL DESCRIPTION
Extent 498 ؛صفحة
Dimensions 24 سم.
336 ## - CONTENT TYPE
Source rda content
Content type term text
337 ## - MEDIA TYPE
Source rda media
Media type term Computer
338 ## - CARRIER TYPE
Source rda carrier
Carrier type term Online Resource
500 ## - GENERAL NOTE
General note اهداء من حسن على
546 ## - LANGUAGE NOTE
Language note النص باللغة العربية
650 1# - SUBJECT ADDED ENTRY--TOPICAL TERM
Topical term or geographic name entry element الدفاع الشرعى
Source of heading or term qrmak
650 1# - SUBJECT ADDED ENTRY--TOPICAL TERM
Topical term or geographic name entry element القانون الجنائى
Source of heading or term qrmak
651 1# - SUBJECT ADDED ENTRY--GEOGRAPHIC NAME
Source of heading or term qrmak
856 40 - ELECTRONIC LOCATION AND ACCESS
Uniform Resource Identifier <a href="https://fll.law.cu.edu.eg/fulltext/bks/B10-12090.pdf">https://fll.law.cu.edu.eg/fulltext/bks/B10-12090.pdf</a>
905 ## - Cataloger and Reviser Names
Cataloger Name: Yasmin Sayed
942 ## - ADDED ENTRY ELEMENTS (KOHA)
Source of classification or shelving scheme Dewey Decimal Classification
Koha item type Books
Edition 21
Suppress in OPAC No
Holdings
Withdrawn status Lost status Source of classification or shelving scheme Damaged status Not for loan Collection Home library Current library Date acquired Total checkouts Full call number Barcode Date last seen Copy number Price effective from Koha item type
    Dewey Decimal Classification   Not for loan القانون الجنائي جــــامعة القــاهرة مكتبة كلية الحقوق - المبنى الرئيسي 09.05.2026   Law1 10 343.124 إ ب . م 3 ed - 2014 1012090 V4, C1 B10-12090 09.05.2026 1 09.05.2026 Books

© All rights reserved — Faculty of Law, Cairo University